Organic Synthesis Workbook II
Saved in:
| Format: | Book |
|---|---|
| Language: | English |
| Published: |
Weinheim :
Wiley-VCH,
2001
|
| Tags: |
No Tags, Be the first to tag this record!
|
MARC
| LEADER | 00000nam a22000003a 4500 | ||
|---|---|---|---|
| 001 | stu78089 | ||
| 005 | 20190206124117.1 | ||
| 008 | 021125s2001----gw------------------eng-d | ||
| 020 | |a 3-527-30415-0 | ||
| 040 | |a STU |b slo | ||
| 041 | 0 | |a eng | |
| 044 | |a gw | ||
| 080 | |a 547.07 |7 stu_us_auth*stu5762 | ||
| 245 | |a Organic Synthesis Workbook II | ||
| 260 | |a Weinheim : |b Wiley-VCH, |c 2001 | ||
| 300 | |a 291 s. Tab.,lit.,index | ||
| 996 | |b C96916 |c C*96916 |l CCIV |s P |a 0 |w stu78089_0001 | ||
| 996 | |b C96917 |c C*96917 |l CCIV |s P |a 0 |w stu78089_0002 | ||